000 00919cam a2200289 i 4500
001 32440
003 Mx-PuUPA
005 20231211113733.0
008 140415s2008 sp gr 000 0 spa d
017 _aMA-2.126/2008
020 _a9788427715783
040 _cMx-PuUPA
_aMx-PuUPA
_bspa
_dMx-PuUPA
_erda
041 0 _aspa
100 1 _aGervilla, Angeles
_eautor
245 1 0 _aFamilia y educación familiar :
_bconceptos clave, situación y valores /
_cÁngeles Gervilla
250 _aPrimera edición
264 1 _aMadrid, España :
_bNarcea de Ediciones,
_c2008
300 _a203 páginas ;
_c24 cm
336 _atexto
_2rdacontent
_btxt
337 _asin medio
_2rdamedia
_bn
338 _avolumen
_2rdacarrier
_bnc
490 0 _aEducación hoy estudios
650 7 _aEducación
_xValores
_2armarc
942 _2ddc
_cLI
_h370.19312
_iG354
999 _c32440
_d32440